000 00246nam a2200097Ia 4500
001 806428
005 20250826171211.0
008 250824s9999 xx 000 0 und d
245 0 _aİSTANBULDAN ÇİZGİLER
_cORHAN KEMAL
260 _bEVEREST YAYINLARI
999 _c806428
_d806428